|
|
|
|
| LEADER |
01699nam a2200469 a 4500 |
| 001 |
001264433 |
| 003 |
CZ BrMZK |
| 005 |
20121211082807.0 |
| 007 |
ta |
| 008 |
121112s2004 xo e 000 0 slo |
| 020 |
|
|
|a 80-89084-13-3
|q (brož.)
|
| 040 |
|
|
|a BOA001
|b cze
|
| 041 |
0 |
|
|a slo
|b eng
|
| 043 |
|
|
|a e-xo---
|a e------
|
| 072 |
|
7 |
|a 331
|x Práce
|2 Konspekt
|9 4
|
| 080 |
|
|
|a 331.105.6
|2 MRF
|
| 080 |
|
|
|a 331.5.024.5
|2 MRF
|
| 080 |
|
|
|a (437.6)
|2 MRF
|
| 080 |
|
|
|a (4)
|2 MRF
|
| 080 |
|
|
|a (048.8)
|2 MRF
|
| 100 |
1 |
|
|a Tkáč, Vojtech,
|d 1949-
|7 mzk2003199996
|4 aut
|
| 245 |
1 |
0 |
|a Odbory, zamestnávatelia, zamestnanecké rady /
|c Vojtech Tkáč
|
| 260 |
|
|
|a Košice :
|b PressPrint,
|c 2004
|
| 300 |
|
|
|a 354 s. ;
|c 24 cm
|
| 490 |
1 |
|
|a Európa, právo a prax
|
| 500 |
|
|
|a Přehled souvisejících právních předpisů
|
| 504 |
|
|
|a Obsahuje bibliografické odkazy
|
| 546 |
|
|
|a Anglické resumé
|
| 650 |
0 |
7 |
|a sociální dialog
|7 ph174179
|z Slovensko
|2 czenas
|
| 650 |
0 |
7 |
|a sociální dialog
|7 ph174179
|z Evropa
|2 czenas
|
| 650 |
0 |
7 |
|a sociální partnerství
|7 ph125797
|z Slovensko
|2 czenas
|
| 650 |
0 |
7 |
|a sociální partnerství
|7 ph125797
|z Evropa
|2 czenas
|
| 650 |
0 |
7 |
|a politika zaměstnanosti
|7 ph124261
|z Slovensko
|2 czenas
|
| 650 |
0 |
7 |
|a politika zaměstnanosti
|7 ph124261
|z Evropa
|2 czenas
|
| 650 |
0 |
7 |
|a kolektivní vyjednávání
|7 ph121713
|z Slovensko
|2 czenas
|
| 650 |
0 |
7 |
|a kolektivní vyjednávání
|7 ph121713
|z Evropa
|2 czenas
|
| 655 |
|
7 |
|a monografie
|7 fd132842
|2 czenas
|
| 830 |
|
0 |
|a Európa, právo a prax
|
| 910 |
2 |
|
|a BOA001
|b 2-1291.889
|
| 990 |
|
|
|a BK
|
| 991 |
|
|
|b 201212
|c NOV
|e n
|
| 996 |
7 |
|
|b 2610528508
|c 2-1291.889
|l MZK
|r Sklad / do 1 hodiny
|n 1
|p vým.
|w 001298752
|u 000010
|a 1
|e BOA001
|j MZK50
|s A
|